Common Candy Quiz Stats

Quiz not verified by Sporcle

Challenge
Share
Tweet
Embed
Score 0/14 Timer 05:00
0 Plays Today
Candy % Correct
Chocolate
75.8%
Snickers
63.3%
Skittles
61.7%
M&Ms
52.5%
Reeses
44.2%
Twix
43.3%
Starburst
41.7%
Candy % Correct
Crunch
18.3%
Lollipop
18.3%
Twizzlers
17.5%
Mound
15.8%
Three Musketeer
14.2%
Tootsie
13.3%
York
9.2%

You're not logged in!

Compare scores with friends on all Sporcle quizzes.
Join for Free
OR
Log In

You Might Also Like...

Show Comments

Extras

Created May 18, 2010ReportNominate
Tags:candy, common

Top Quizzes Today


Score Distribution

Your Account Isn't Verified!

In order to create a playlist on Sporcle, you need to verify the email address you used during registration. Go to your Sporcle Settings to finish the process.

Report this User

Report this user for behavior that violates our Community Guidelines.

Details: